• 首页
  • 本馆介绍
  • 公告通知
  • 最新文献
  • 馆藏检索
  • 电子资源
  • 读者导购
  • 参考咨询
  • 我的图书馆
  • 登录
  • 详细信息显示
  • 放入我的书架
  • 预约/预借图书
  • 作者相关作品
  • 分类相关作品
  • 丛书相关作品
  • 出版社相关作品

书目信息

  • 表格格式
  • 工作单格式
  • 卡片格式
题名:
给幸福妈妈的第一本胎教书
    
 
作者: 郑玉梅 编著
分册:  
出版信息: 北京   中国妇女出版社  2010
页数: 218页
开本: 24cm
丛书名:
单 册:
中图分类: G61 , R169.1
科图分类:
主题词: 胎教--基本知识 , 优生优育--基本知识
电子资源:
ISBN: 978-7-5127-0047-5
000 00875nam0 2200253 450
001 012001002236
005 20131028102046.0
010    @a978-7-5127-0047-5@dCNY26.00
100    @a20101028d2010 em y0chiy50 ea
101 0  @achi
102    @aCN@b110000
105    @ay z 000yy
106    @ar
200 1  @a给幸福妈妈的第一本胎教书@9gei xing fu ma ma de di yi ben tai jiao shu@f郑玉梅编著
210    @a北京@c中国妇女出版社@d2010
215    @a218页@c图@d24cm
330    @a本书以月为时段,系统而全面地介绍孕前的充分准备、孕期中孕妈妈身体的各种变化、营养饮食、孕期常见疾病、胎宝宝的生长发育、胎教点滴、生活注意事项、如何轻松应对孕期不适等。
606 0  @a胎教@x基本知识
606 0  @a优生优育@x基本知识
690    @aG61@v4
690    @aR169.1@v4
701  0 @a郑玉梅@9zheng yu mei@f(1962- )@4编著
801  0 @aCN@b江苏凤凰@c20191020
905    @b1228457-60@dG61@e823@f4
    
    给幸福妈妈的第一本胎教书/郑玉梅编著.-北京:中国妇女出版社,2010
    218页:图;24cm
    
    
    ISBN 978-7-5127-0047-5:CNY26.00
    本书以月为时段,系统而全面地介绍孕前的充分准备、孕期中孕妈妈身体的各种变化、营养饮食、孕期常见疾病、胎宝宝的生长发育、胎教点滴、生活注意事项、如何轻松应对孕期不适等。
●
相关链接 在E读中查询图书 在五车中查询图书 在当当中查询图书 在豆瓣中查询图书


正题名:给幸福妈妈的第一本胎教书     索取号:G61/823         预约/预借

序号 登录号 条形码 馆藏地/架位号 状态 备注
1 1228457   212284570   第一样本阅览室/ [索取号:G61/823] 在馆    
2 1228458   212284589   教育系资料室/ [索取号:G61/823] 在馆    
3 1228459   212284598   教育系资料室/ [索取号:G61/823] 在馆    
4 1228460   212284605   第四借阅区/ [索取号:G61/823] 在馆    
唐山师范学院图书馆 欢迎您!
大连网信软件有限公司© 版权所有